00376pab a2200121 454500008003600000100001700036245010000053650001300153650001300166650002000179700001900199773003600218180718b xxu||||| |||| 00| 0 eng d aLai, On-Kwok aRegional policy and housing provision in China: a critical review on state planning (1949-1989) a Shelter a Housing aHousing - China aLai, Ting Kwok aGuru Nanak Journal of Sociology